NFL Players With a 15+ Sack Season Since 2010 - Statistics

General Stats
  • This quiz has been taken 66 times
  • The average score is 11 of 28
Answer Stats
Year Team Position Answer % Correct
2018, 2015 Texans DE J.J. Watt
100%
2023, 2021, 2020 Steelers LB T.J. Watt
100%
2023 Jaguars LB Josh Allen
80%
2022, 2021 49ers DE Nick Bosa
77%
2011 Vikings DE Jared Allen
75%
2023, 2015 Chargers LB Khalil Mack
73%
2018 Rams DT Aaron Donald
66%
2022, 2018 Chiefs DT Chris Jones
63%
2019, 2017 Cardinals DE Chandler Jones
54%
2019 Saints DE Cameron Jordan
52%
2012 Broncos LB Von Miller
38%
2023 Bengals DE Trey Hendrickson
36%
2022, 2021 Browns DE Myles Garret
32%
2023 Vikings DE Danielle Hunter
30%
2014 Chiefs LB Justin Houston
27%
2012 49ers DE Aldon Smith
25%
2011, 2010 Cowboys LB DeMarcus Ware
25%
2022 Patriots LB Matthew Judon
18%
2014 Ravens LB Elvis Dumervil
13%
2013 Colts LB Robert Mathis
13%
2021, 2013 Bears DE Robert Quinn
13%
2016 Falcons DE Vic Beasly
13%
2022 Eagles DE Haason Reddick
9%
2011 Giants LB Jason Pierre-Paul
9%
2012 Dolphins DE Cameron Wake
7%
2019 Buccaneers LB Shaquil Barett
5%
2013 Panthers DE Greg Hardy
4%
2011 Eagles LB Jason Babin
4%
No matching quizzes found
Score Distribution
Percent of People with Each Score
Percentile by Number Answered
Your Score History
You have not taken this quiz